000 01887nam0a2200337 4500
001 RU\NLR\BIBL_A\012032504
005 20260407113637.0
035 _a(NLR Aleph) 012032504
090 _a11559525
_c11559525
100 _a20190607d1897 |||y0rusy50 ca
101 0 _arus
102 _aRU
105 _ay z 000zy
200 1 _aПроект Устава Охтенского низшего механико-технического училища
210 _a[Санкт-Петербург]
_cТип. "В. Балашев" и К°
_d[1897]
215 _a20 с.
_d34
300 _aВ конце текста: Министр Народного Посвящения Статс-Секретарь (подписал) Граф Делянов; Управляющий Отделением промышленных училищ (скреп.) И. Анопов
309 _aБез тит. л. и обл.
309 _aЧасть текста на одной стороне листа
601 0 2 _aОхтенское механико-техническое училище
_cПетербург, город
_92415128
_3RU\NLR\AUTH\6601657625
686 3 _aЧ464(28)717
702 1 _4720
_8rus
_7ca
_aДелянов
_bИ. Д.
_f1818-1897
_gИван Давыдович
_3RU\NLR\AUTH\7785868
_968796
702 1 _4720
_aАнопов
_bИ. А.
_cорганизатор проф. образования
_f1844-1907
_gИван Алексеевич
_9198030
_3RU\NLR\AUTH\770198081
710 0 2 _aОхтенское механико-техническое училище
_cПетербург
_3RU\NLR\AUTH\889950543
_9396891
711 0 1 _4570
_aРоссия
_bМинистерство народного просвещения
_3RU\NLR\AUTH\889944176
_9383530
852 _aNLR
_j135/294-318(15)
942 _cBOOK
980 _aNB